| 000 | 00382nam a2200109Ia 4500 | ||
|---|---|---|---|
| 008 | 220214s9999 xx 000 0 und d | ||
| 100 | _aCortes Hugo Pena etal | ||
| 245 | 0 | _aSignals involved in wound-induced proteinase inhibitor II gene expression in tomato & potato plants | |
| 260 |
_bProceedings of the national Academy of Sciences, USA _c1995 |
||
| 300 | _a4106-4113 | ||
| 942 | _cRE | ||
| 999 |
_c46111 _d46111 |
||